|
|
|
|
| LEADER |
00000Cam#a2200000#a#4500 |
| 001 |
027780 |
| 003 |
AR-BeUNQ |
| 005 |
20180423103919.0 |
| 008 |
150707s2014||||ag bo ### f000|0#spa#d |
| 999 |
|
|
|c 25157
|d 100544
|
| 020 |
|
|
|a 9789871407842
|
| 040 |
|
|
|a AR-BeUNQ
|b spa
|
| 082 |
0 |
4 |
|a 982.063
|2 21
|
| 245 |
0 |
2 |
|a Plan Conintes :
|b represión política y sindical.
|
| 250 |
|
|
|a 1a. ed.
|
| 260 |
|
|
|a Buenos Aires :
|b Secretaría de Derechos Humanos,
|c 2014.
|
| 300 |
|
|
|a 250 p. :
|b fot., mapa ;
|c 26 cm.
|
| 504 |
|
|
|a Bibliografía: p. 235-250.
|
| 505 |
0 |
|
|a Prólogo -- Introducción -- Desarrollo normativo y operativo del Plan Conintes -- El movimiento obrero -- La resistencia peronista -- Rupturas y continuidades del proceso económico -- Iglesia católica, terrorismo de Estado y enemigo interno -- La doctrina francesa de la guerra revolucionaria -- Argentinos en el desarrollo de la defensa continental
|
| 600 |
1 |
4 |
|a Frondizi, Arturo,
|d 1908-1995.
|
| 650 |
|
7 |
|a Historia
|2 spines
|
| 650 |
|
7 |
|a Terrorismo de estado
|2 tha
|
| 650 |
|
7 |
|a Represión
|2 spines
|
| 650 |
|
7 |
|a Movimiento obrero
|2 toit
|
| 650 |
|
7 |
|a Iglesia católica
|2 toit
|
| 650 |
|
7 |
|a Fuerzas armadas
|2 spines
|
| 651 |
|
7 |
|a Argentina
|2 spines
|
| 653 |
|
|
|a Peronismo
|
| 653 |
|
|
|a Neoliberalismo
|
| 929 |
|
|
|a DONACION
|b Daniel Badenes
|d 120,00E
|e 20150521
|f PAT0057956
|g 2808 Exp. 827-0387/98
|j 53225
|
| 942 |
|
|
|c LIB
|n 0
|